00895 a2200157 45000010006000000050017000060080041000230030015000640400040000790800045001192450032001642640051001963000019002475050448002661000023007143361720260407155627.0260407a1969 arg spa dAR-UNSa-BCEJYS aAR-UNSa-BCEJYSbspacAR-UNSa-BCEJYS a368.022xContratos de seguros en general10aEl nuevo contrato de seguro 1aBuenos Aires :bAbaco de Rodolfo Depalmac1969 a373 p.c24 cm. a1. Introducción - 2. Elementos eseciales - 3. Formación de la relación - 4. Efectos y extinción - 5. Obligaciones y cargas del asegurado - 6. Obligaciones del asegurador - 7. Cláusulas penales - 8. Nulidad del contrato - 9. Prescripción y caducidad - 10. Jurisdicción y competencia - 11. Seguro de incendio - 12. La responsabilidad civil - 13. Seguros agropecuarios - 14. Seguros de personas - 15. Traslado de riesgo - Apéndice1 aSoler Aleu, Amadeo